Every WWE Wrestlemania Main Eventer - Statistics

General Stats
  • This quiz has been taken 340 times
    195 since last reset
  • The average score is 28 of 45
Answer Stats
Years Name Total No. % Correct
1997, 2008, 2010, 2017, 2020 (Night 1) The Undertaker 5
96%
1985, 1986 (Los Angeles), 1987, 1989-1992 Hulk Hogan 8
93%
2000, 2002, 2004-2006, 2009, 2016 Triple H 7
93%
1999-2001, 2012-2013 The Rock 5
92%
2006-2007, 2011-2013 John Cena 5
91%
2015-2018, 2021 (Night 2) Roman Reigns 5
91%
1996, 1998, 2010 Shawn Michaels 3
89%
2009, 2014 Randy Orton 2
86%
1998-1999, 2001 Steve Austin 3
86%
2003, 2015, 2018, 2020 (Night 2) Brock Lesnar 4
84%
1994, 1996 Bret Hart 2
80%
2008, 2021 (Night 2) Edge 2
80%
2005, 2014 Batista 2
78%
2015 Seth Rollins 1
77%
2014, 2021 (Night 2) Daniel Bryan 2
73%
1988-1989 Randy Savage 2
72%
2000 Big Show 1
70%
2020 (Night 2) Drew McIntyre 1
67%
1990 The Ultimate Warrior 1
64%
1987 André the Giant 1
63%
1993-1994 Yokozuna 2
63%
1985-1986 (New York) Mr. T 2
62%
2011 The Miz 1
62%
2019 Becky Lynch 1
61%
2004 Chris Benoit 1
61%
2002 Chris Jericho 1
61%
2003 Kurt Angle 1
60%
2019 Charlotte Flair 1
59%
1985-1986 (New York) Roddy Piper 2
56%
2020 (Night 1) AJ Styles 1
55%
2021 (Night 1) Bianca Belair 1
55%
2019 Ronda Rousey 1
55%
2000 Mick Foley 1
54%
2021 (Night 1) Sasha Banks 1
54%
1991 Sgt. Slaughter 1
45%
1985 Paul Orndorff 1
44%
1986 (Los Angeles) King Kong Bundy 1
43%
1992, 1997 Sid Justice/Sycho Sid 2
43%
1988 Ted DiBiase 1
42%
1995 Bam Bam Bigelow 1
39%
1995 Lawrence Taylor 1
37%
1986 (Chicago) Davey Boy Smith/The British Bulldog 1
20%
1986 (Chicago) Greg Valentine 1
14%
1986 (Chicago) Dynamite Kid 1
11%
1986 (Chicago) Brutus Beefcake 1
10%
No matching quizzes found
Score Distribution
Percent of People with Each Score
Percentile by Number Answered
Your Score History
You have not taken this quiz since the last reset